Pays par des faits #4 - Statistiques

Statistiques générales
  • Ce quiz a été pris 122 fois
  • Le résultat moyen est 9 sur 15
Statistiques - réponses
Hint Réponse % Correct
Le Christ Rédempteur est l'un de mes monuments Bresil
95%
J'ai connu l'apartheid de 1948 à 1991 Afrique du Sud
94%
J'ai été annexé par l'Allemagne Nazi le 12 mars 1938 Autriche
85%
Mon roi est Mohammed VI Maroc
81%
Mes habitants sont appelés les Tongiens Tonga
80%
Terre des steppes et des nomades, jadis unifiée par Gengis Khan. Mongolie
78%
J'ai remporté l'Euro 2024 Espagne
77%
Le 1er avril 1979, la République Islamique y est proclamée. Iran
71%
Bart De Wever est mon Premier Ministre depuis le 3 février 2025 Belgique
52%
Karachi et Lahore sont deux villes qui m'appartiennent Pakistan
50%
Mon drapeau est composé d'un lion tenant une épée Sri Lanka
41%
Je suis situé au nord du lac Victoria Ouganda
32%
Ma monnaie est le Quetzal Guatemala
30%
Le 28 octobre 2024, des manifestations ont éclaté après l'annoncedes résultats des élections parlementaires. Géorgie
11%
Avec l'Equateur je suis le seul pays à avoir des tortues géantes sauvages Seychelles
7%
Aucun quiz correspondant
Distribution des résultats
% des personnes avec chaque résultat
Percentile par nombre de réponses
Votre historique - résultats
Vous n’avez pas pris ce quiz